Podvizhnostʹ struktury : sovremennye prot︠s︡essy sot︠s︡ialʹnoĭ mobilʹnosti /

Saved in:
Bibliographic Details
Other Authors: Makeev, S. A.
Format: Book
Language:Russian
Published: Kiev : In-t sot︠s︡iologii NAN Ukrainy, 1999.
Subjects:
Tags: Add Tag
No Tags, Be the first to tag this record!
LEADER 00906nam a22002297a 4500
001 008366283-9
005 20020606104010.5
008 970904s1999 un d b 000 0 rusod
020 |a 9660213328 
035 0 |a ocm49308014 
050 0 0 |a HN530.9.Z9  |b S657 1999 
245 0 0 |a Podvizhnostʹ struktury :  |b sovremennye prot︠s︡essy sot︠s︡ialʹnoĭ mobilʹnosti /  |c [avt. S.A. Makeev ... et al.]. 
260 |a Kiev :  |b In-t sot︠s︡iologii NAN Ukrainy,  |c 1999. 
300 |a 202 p. :  |b charts, graphs ;  |c 20 cm. 
500 |a At head of title: Nat︠s︡ionalʹnai︠a︡ Akademii︠a︡ nauk Ukrainy. Institut sot︠s︡iologii. 
504 |a Includes bibliographical references (p. 192-[201]). 
650 0 |a Social mobility  |z Ukraine. 
651 0 |a Ukraine  |x Economic conditions  |y 1991- 
650 0 |a Migration, Internal  |z Ukraine. 
700 1 |a Makeev, S. A.  |q (Sergeĭ Alekseevich) 
988 |a 20020608 
906 |0 MH